<?xml version="1.0" encoding="UTF-8"?>
<record
    xmlns:xsi="http://www.w3.org/2001/XMLSchema-instance"
    xsi:schemaLocation="http://www.loc.gov/MARC21/slim http://www.loc.gov/standards/marcxml/schema/MARC21slim.xsd"
    xmlns="http://www.loc.gov/MARC21/slim">

  <leader>00828nam a2200205Ia 4500</leader>
  <controlfield tag="001">13090</controlfield>
  <controlfield tag="003">GE_BSU</controlfield>
  <controlfield tag="008">181216s||||||||xx |||||||||||||| ||und||</controlfield>
  <datafield tag="040" ind1=" " ind2=" ">
    <subfield code="c">GE_BSU</subfield>
  </datafield>
  <datafield tag="080" ind1=" " ind2=" ">
    <subfield code="a">631.14(470)</subfield>
  </datafield>
  <datafield tag="245" ind1=" " ind2=" ">
    <subfield code="a">&#x412;&#x43E;&#x43F;&#x440;&#x43E;&#x441;&#x44B; &#x440;&#x430;&#x437;&#x43C;&#x435;&#x449;&#x435;&#x43D;&#x438;&#x44F; &#x438; &#x441;&#x43F;&#x435;&#x446;&#x438;&#x430;&#x43B;&#x438;&#x437;&#x430;&#x446;&#x438;&#x438; &#x441;&#x435;&#x43B;&#x44C;&#x441;&#x43A;&#x43E;&#x433;&#x43E; &#x445;&#x43E;&#x437;&#x44C;&#x44F;&#x439;&#x438;&#x441;&#x442;&#x432;&#x430;</subfield>
  </datafield>
  <datafield tag="245" ind1=" " ind2=" ">
    <subfield code="b">&#x421;&#x431;&#x43E;&#x440;&#x43D;&#x438;&#x43A; &#x441;&#x442;&#x430;&#x442;&#x435;&#x439;</subfield>
  </datafield>
  <datafield tag="245" ind1=" " ind2=" ">
    <subfield code="c">&#x41F;&#x43E;&#x434;.&#x440;&#x435;&#x434;.&#x41B;.&#x41C;.&#x417;&#x430;&#x43B;&#x44C;&#x446;&#x43C;&#x430;&#x43D;&#x430;. &#x413;.&#x413;.&#x411;&#x430;&#x434;&#x438;&#x440;&#x44C;&#x44F;&#x43D;&#x430;, &#x41A;.&#x41F;.&#x41E;&#x431;&#x43E;&#x43B;&#x435;&#x43D;&#x441;&#x43A;&#x43E;&#x433;&#x43E;.&#x420;&#x435;&#x434;.&#x41C;.&#x410;.&#x421;&#x443;&#x43B;&#x43A;&#x43E;&#x432;&#x441;&#x43A;&#x430;&#x44F;, &#x41F;.&#x41F;. &#x413;&#x440;&#x435;&#x431;&#x446;&#x43E;&#x432;</subfield>
  </datafield>
  <datafield tag="260" ind1=" " ind2=" ">
    <subfield code="a">&#x41C;&#x43E;&#x441;&#x43A;&#x432;&#x430;</subfield>
  </datafield>
  <datafield tag="260" ind1=" " ind2=" ">
    <subfield code="b">&#x413;&#x43E;&#x441;&#x438;&#x437;&#x434;&#x430;&#x442; &#x441;&#x435;&#x43B;&#x44C;.-&#x445;&#x43E;&#x437;.&#x43B;&#x438;&#x442;-&#x440;&#x44B;</subfield>
  </datafield>
  <datafield tag="260" ind1=" " ind2=" ">
    <subfield code="c">1957</subfield>
  </datafield>
  <datafield tag="300" ind1=" " ind2=" ">
    <subfield code="a">552&#x441;&#x442;&#x440;.27&#x441;&#x43C;.&#x438;&#x43B;&#x43B;.</subfield>
  </datafield>
  <datafield tag="653" ind1=" " ind2=" ">
    <subfield code="a">&#x412;&#x43E;&#x43F;&#x440;&#x43E;&#x441;&#x44B; &#x440;&#x430;&#x437;&#x43C;&#x435;&#x449;&#x435;&#x43D;&#x438;&#x44F; &#x438; &#x441;&#x43F;&#x435;&#x446;&#x438;&#x430;&#x43B;&#x438;&#x437;&#x430;&#x446;&#x438;&#x438; &#x441;&#x435;&#x43B;&#x44C;&#x441;&#x43A;&#x43E;&#x433;&#x43E; &#x445;&#x43E;&#x437;&#x44C;&#x44F;&#x439;&#x438;&#x441;&#x442;&#x432;&#x430;</subfield>
  </datafield>
  <datafield tag="942" ind1=" " ind2=" ">
    <subfield code="c">BK</subfield>
  </datafield>
  <datafield tag="999" ind1=" " ind2=" ">
    <subfield code="c">46257</subfield>
    <subfield code="d">46257</subfield>
  </datafield>
  <datafield tag="952" ind1=" " ind2=" ">
    <subfield code="0">0</subfield>
    <subfield code="1">0</subfield>
    <subfield code="4">0</subfield>
    <subfield code="7">0</subfield>
    <subfield code="9">60634</subfield>
    <subfield code="d">2018-12-17</subfield>
    <subfield code="p">21055</subfield>
    <subfield code="r">2018-12-17</subfield>
    <subfield code="w">2018-12-17</subfield>
    <subfield code="y">BK</subfield>
  </datafield>
</record>
